Discursos morales y consideraciones familiares para todos los días del año : tomo V : mes de mayo /

Gespeichert in:
Bibliographische Detailangaben
1. Verfasser: Calino, César (autor)
Format: Buch
Sprache:Spanisch
Schlagworte:
Tags: Tag hinzufügen
Keine Tags, Fügen Sie das erste Tag hinzu!

MARC

LEADER 00000nam^a2200000^a^4500
001 000366735
005 20250526000000.0
009 20260526142157.528
037 |a Acervo Xavier Clavigero 
041 |a ESP 
082 |a 241.  |b CAL V. 5 
100 |a Calino, César  |e (autor) 
240 1 1 |a [Discursos morales y consideraciones familiares para todos los días del año] 
245 1 0 |a Discursos morales y consideraciones familiares para todos los días del año :  |b tomo V : mes de mayo /  |c C. Calino ; tr. por Simón López. 
264 |a Madrid, España :  |b Imprenta y Librería de Joseph Doblado,  |c 1787 
300 |a 400 p. ;  |c 21.0 cm. 
336 |a texto  |b txt  |2 rdacontenido 
337 |a sin mediación  |b n  |2 rdamedio 
338 |a volumen  |b nc  |2 rdasoporte 
561 |a Ex libris manuscrito de Franco Días 
561 |a Ex libris de Miguel Baz 
649 |a XX 
650 |a Dios -  |x Voluntad 
650 |a Ayuno 
650 |a Soberbia 
650 |a Avaricia y Ambición 
650 |a Lujuria 
650 |a Gula 
650 |a Pecados Capitales 
650 |a Pecado 
650 |a Etica Cristiana -  |x Tema Principal 
650 |a Catolicismo 
650 |a Cristianismo 
650 |a Teología Doctrinal 
650 |a Religión 
910 |a Fondo General 
920 |a Impresos - Libros 
930 |a Libros Antiguos y Raros 
905 |a 108 
901 |a 0500260628  |b IT2  |c LRA  |u 20250526 
902 |a https://opac.biblio.iteso.mx/vufind/Record/000366735